000 00911cab a2200241 4500
001 ABS48571
008 090401t1993 xxu||||| |||| 00| 0 eng d
035 _a(Sirsi) u67398
041 _aeng
100 _aBrown, E.
245 _aProperty industry feels a tremor
260 _c1993
350 _a0
490 _aManagement Today
_vMay 1993, 68-71(4)
520 _aAn examination of the effect recession has had on the commercial property market, and the fear from some sectors of the property industry that government intervention in the property market may have undue influence on the way the industry itself deals with the effects of recession.
650 _aPROPERTY-COMMERCIAL PROPERTY-COMMERCIAL PROPERTY MARKET
650 _aGOVERNMENT INTERVENTION
650 _aLEASE REFORM
650 _aPROPERTY INDUSTRY
690 _aPROPERTY-COMMERCIAL PROPERTY
942 _n0
948 _c04/03/1997
999 _c42179
_d42179